000 00621cam a22001217a 4500
008 180718b1997 xxu||||| |||| 00| 0 eng d
082 _aB136x54 C749
245 _aConcurrent evaluation of Integrated Rural Development Programme (IRDP), September 1992 to August 1993: a report
_cby Administrative Intelligence Division, Ministry of Rural Areas and Employment
260 _aNew Delhi
_bMinistry of Rural Areas and Employment. Administrative Intelligence Division
_c1997
300 _a129p.
650 _aRural development - India
700 _aIndia. Ministry of Rural Areas and Employment. Administrative Intelligence Division
999 _c483746
_d483746